Les attractions du Parc Astérix - Statistiques

Statistiques générales
  • Ce quiz a été pris 733 fois
    227 depuis la dernière actualisation
  • Le résultat moyen est 22 sur 40
Statistiques - réponses
Zones Date d'ouverture Réponse % Correct
l'Égypte 2012 OzIris
92%
Festival Toutatis 2023 Toutatis
92%
Les Vikings 1989 Goudurix
89%
La Grèce antique 1997 Tonnerre 2 Zeus
88%
La Grèce antique 2017 Pégase Express
80%
La Grèce antique 2016 Discobélix
77%
Bienvenue chez les Gaulois 1995 Menhir Express
73%
Festival Toutatis 2001 La Trace du Hourra
72%
À travers le temps 2019 Attention Menhir !
71%
l'Égypte 2024 La Tour de Numérobis
71%
À travers le temps 1996 Les Chevaux du roy
65%
La Grèce antique 1994 Le vol d'Icare
64%
L'empire romain 2008 Le Défi de César
61%
À travers le temps 1989 Les Chaises volantes
60%
Les Vikings 1989 Les Petites Chaises volantes
60%
Les Vikings 1989 La Galère
59%
L'empire romain 1989 Romus et Rapidus
59%
Bienvenue chez les Gaulois 1989 La Revanche des Pirates - Le Grand Splatch
57%
Bienvenue chez les Gaulois 2025 Cétautomatix
54%
l'Égypte 1990 SOS Tournevis
54%
La Grèce antique 1995 l'Hydre de Lerne
52%
À travers le temps 1999 L'Oxygénarium
52%
Bienvenue chez les Gaulois 1990 Les Chaudrons
49%
La Grèce antique 1989 Le cheval de Troie
45%
L'empire romain 1998 Les Espions de César
45%
L'empire romain 1989 Le Carrousel de César
42%
La Grèce antique 1997 La rivière d'Élis
41%
Bienvenue chez les Gaulois 1989 Épidemaïs Croisières
39%
Les Vikings 1990 Le Mini Carrousel
38%
La forêt d'Idéfix 2014 Étamine
37%
Les Vikings 1989 Les Petits Drakkars
37%
La forêt d'Idéfix 2014 Hydrolix
36%
Bienvenue chez les Gaulois 1990 La Petite Tempête
35%
L'empire romain 1989 Le petit train
33%
Les Vikings 1989 L'Escadrille des as
33%
La forêt d'Idéfix 2014 Aérodynamix
31%
La forêt d'Idéfix 2014 Lavomatix
31%
Bienvenue chez les Gaulois 1989 Les Petits Chars tamponneurs
30%
La forêt d'Idéfix 2014 Énigmatix
28%
Festival Toutatis 2023 Chez Gyroflix
18%
Aucun quiz correspondant
Distribution des résultats
% des personnes avec chaque résultat
Percentile par nombre de réponses
Votre historique - résultats
Vous n’avez pas pris ce quiz depuis la dernière actualisation